Musical Acts by Letter - I - Statistics

General Stats
  • This quiz has been taken 339 times
    143 since last reset
  • The average score is 5 of 16
Answer Stats
Years Active Songs Band or Artist % Correct
2008– Thunder | Radioactive Imagine Dragons
82%
1963– The Passenger | Lust For Life Iggy Pop
70%
2011–2024 Fancy | Black Widow Iggy Azalea
49%
1977–2012 Need You Tonight | Never Tear Us Apart INXS
49%
1986– It Was A Good Day | You Know How We Do It Ice Cube
35%
1975– The Trooper | Fear of the Dark Iron Maiden
35%
1965–2011 Fame | Flashdance... What a Feeling Irene Cara
34%
1996– Let It Go | Into the Unknown Idina Menzel
32%
1991– Drive | Pardon Me Incubus
23%
2020– Deli | Princess Diana Ice Spice
20%
2009– I Love It | Emergency Icona Pop
20%
2008– Replay | Solo Iyaz
17%
1995– Headlock | Hide and Seek Imogen Heap
13%
1954– This Old Heart Of Mine (Is Weak For You) | It's Your Thing The Isley Brothers
13%
1989– In My Room | Boogie Woogie Wu Insane Clown Posse
6%
1997– Evil | Obstacle 1 Interpol
6%
No matching quizzes found
Score Distribution
Percent of People with Each Score
Percentile by Number Answered
Your Score History
You have not taken this quiz since the last reset